Managerial Economics (Record no. 2879)

MARC details
000 -LEADER
fixed length control field 00299nam a2200133Ia 4500
008 - FIXED-LENGTH DATA ELEMENTS--GENERAL INFORMATION
fixed length control field 191201s2006 xx 000 0 und d
082 ## - DEWEY DECIMAL CLASSIFICATION NUMBER
Classification number 658.15
Item number MAM
100 ## - MAIN ENTRY--PERSONAL NAME
Personal name MAHESWARI, Y
245 #0 - TITLE STATEMENT
Title Managerial Economics
260 ## - PUBLICATION, DISTRIBUTION, ETC. (IMPRINT)
Place of publication, distribution, etc N.Delhi
Name of publisher, distributor, etc PHI
Date of publication, distribution, etc 2006
300 ## - PHYSICAL DESCRIPTION
Extent 284
650 ## - SUBJECT ADDED ENTRY--TOPICAL TERM
Topical term or geographic name as entry element MBA
942 ## - ADDED ENTRY ELEMENTS (KOHA)
Source of classification or shelving scheme Dewey Decimal Classification
Koha item type Text Books
Holdings
Withdrawn status Lost status Source of classification or shelving scheme Damaged status Not for loan Collection code Home library Current library Date acquired Source of acquisition Cost, normal purchase price Bill Number Total Checkouts Full call number Acc. no. / Barcode Date last seen Date last borrowed Bill Date Koha item type
    Dewey Decimal Classification     MBA PIET C-LIBRARY PIET C-LIBRARY 18/08/2007 J B C, New Delhi 195.00 706 1 658.15 MAM 6473 17/10/2023 04/10/2023 28/07/2007 Text Books
    Dewey Decimal Classification     MBA PIET C-LIBRARY PIET C-LIBRARY 18/08/2007 J B C, New Delhi 195.00 706   658.15 MAM 6474 04/12/2019   28/07/2007 Text Books
    Dewey Decimal Classification     MBA PIET C-LIBRARY PIET C-LIBRARY 18/08/2007 J B C, New Delhi 195.00 706   658.15 MAM 6475 04/12/2019   28/07/2007 Text Books

Design & Developed by: PIET Central Library
R70 Miles Stone Pattikalyana Samalkha Panipat 132102
mail ID :- [email protected], Phone No:- 0180-2569700 Ex.216